000 00546nam a22002051c 4500
001 a987678527
008 161208s2016 gw |||| 000u rus d
020 _a9785824320244
_9978-5-8243-2024-4
041 _arus
245 0 0 _aKino :
_borganizacija upravlenija i vlast', 1917-1938 gg. : dokumenty
264 _aMoskva :
_bRosspen,
_c2016
300 _a606 Seiten
650 0 _aKino
651 0 _aSowjetunion
655 0 _aQuelle
700 1 _aEvstigneeva, A. L.
_eHerausgeberIn
942 _cMG
040 _cRU-10907106
003 RU-10907106
999 _c39988
_d39988